| 000 | 00747nam a22002057a 4500 | ||
|---|---|---|---|
| 005 | 20100729112655.0 | ||
| 010 | _aB-418597 | ||
| 020 |
_a9788177582284 _c475.00 |
||
| 035 | _aB-418597 | ||
| 037 |
_aUBH _bRP/CL/E;29/109/059/22-07-10/27-07-10 |
||
| 082 | _a658.48 | ||
| 100 |
_aTulsian,P.C _92307 |
||
| 245 |
_aFinancial Accounting _cby P.C. Tulsian |
||
| 260 |
_aNew Delhi _bPearson _c2006 |
||
| 270 |
_a11 Community Centre Panchsheel Park _bNew Delhi |
||
| 300 |
_aVarious pgs _c26cm(Pbk) |
||
| 942 |
_2ddc _cEN _h658.48 _mTUL |
||
| 999 |
_c38146 _d38146 |
||